000 01780cam a2200481 a 4500
001 15039022
003 mut
005 20240606081057.0
008 071010s2009 nyua 001 0 eng
010 _a 2007041532
020 _a9780205598748 (Complete ed.)
020 _a0205598749 (Complete ed.)
020 _a9780205598731 (Brief ed.)
020 _a0205598730 (Brief ed.)
020 _a0321291506 (Complete ed.)
020 _a9780321291509 (Complete ed.)
020 _a0321291514 (Brief ed.)
020 _a9780321291516 (Brief ed.)
020 _a0321291522 (Concise ed.)
020 _a9780321291523 (Concise ed.)
035 _a(OCoLC)ocn174134114
035 _a(OCoLC)174134114
040 _aDLC
_cDLC
_dYDX
_dBTCTA
_dBAKER
_dYDXCP
_dDLC
050 0 0 _aPE1408
_b.R18 2009
082 0 0 _a808/.042
_222
100 1 _aRamage, John D.
245 1 4 _aThe Allyn & Bacon guide to writing /
246 3 _aAllyn and Bacon guide to writing
250 _a5th ed.
260 _aNew York :
_bPearson Longman,
_cc2009.
300 _axvviii, 799 p. :
_bcol. ill. ;
_c24 cm.
500 _aIncludes index.
650 0 _aEnglish language
_xRhetoric
_vHandbooks, manuals, etc.
650 0 _aEnglish language
_xGrammar
_vHandbooks, manuals, etc.
650 0 _aReport writing
_vHandbooks, manuals, etc.
650 0 _aCollege readers.
700 1 _aBean, John C.
700 1 _aJohnson, June,
_d1953-
856 4 1 _3Table of contents only
_uhttp://www.loc.gov/catdir/toc/ecip082/2007041532.html
906 _a7
_bcbc
_corignew
_d1
_eecip
_f20
_gy-gencatlg
942 _2lcc
_cBK
999 _c8480
_d8480